000 09301namaa22004331i 4500
003 EG-GICUC
005 20260427204027.0
008 260427s2025 ua a|||frm||| 000 0 eng d
040 _aEG-GICUC
_beng
_cEG-GICUC
_dEG-GICUC
_erda
041 0 _aeng
_beng
_bara
049 _aDeposit
082 0 4 _a617.645
092 _a617.645
_221
097 _aM.Sc
099 _aCai01.09.07.M.Sc.2025.Mo.P
100 0 _aMona Elhadi Elamin Eltayeb,
_epreparation.
245 1 0 _aPrevalence of dental caries in a group of egyptian children and its relation to tv and other screens time and sugar consumption :
_ba cross-sectional study /
_cby Mona Elhadi Elamin Eltayeb ; Supervision Prof.Dr. Sherine Badr, Dr. Hanaa Abdelmoniem.
246 1 5 _aمدى انتشارتسوس الأسنان لدى مجموعة من الأطفال المصريين وعلاقتها بوقت مشاهدة شاشة التلفاز وغيره ومقدار تناول السكريات :
_bدراسه مقطعيه /
264 0 _c2025.
300 _a120 pages :
_billustrations ;
_c25 cm. +
_eCD.
336 _atext
_2rda content
337 _aUnmediated
_2rdamedia
338 _avolume
_2rdacarrier
502 _a Thesis (M.Sc)-Cairo University, 2025.
504 _aBibliography: pages 109-116.
520 3 _aAim: To measure the prevalence of dental caries in a group of Egyptian children aged 6 to 8 years old and its relation to screen time, sugar consumption, and dental neglect. Methods: The present study was conducted on two hundred ninety-seven children aged from 6 to 8 years old, attending the Outpatients' Clinic of Pediatric Dentistry and Dental Public Health Department, Faculty of Dentistry, Cairo University. A thorough assessment chart was recorded by the parents, which included five sections, the first assessed demographic data, the second described the dental neglect scale, the third assessed food consumption, the Fourth evaluated screen time behavior, the fifth included intraoral examination which was conducted using the Decayed, Missing, and Filled Teeth (DMFT) and decayed, extracted, and filled teeth (deft) indices. Results: The prevalence of dental caries in our study sample was 100% using the DMFT\deft indices, and was statistically significantly associated with age, parental education, frequency of tooth brushing, type and frequency of snacking, dental neglect scale, and screen time. Around 80% of children used screens more than 2 hours per day. It was found that children with non-working mothers spent more time on screens compared to those with working mothers. A statistically significant relationship was found between screen time, dental neglect, and Age. Conclusion: Increased prevalence of dental caries is associated with high sugar consumption, dental neglect scale, and increased screen time. Minimizing sugar consumption and enhancing nutritional knowledge were considered helpful measures to reduce the risk of dental caries and enhance oral health in children.
520 3 _aالمقدمة: تُصنّف منظمة الصحة العالمية تسوس الأسنان كمشكلة صحية عامة رئيسية على مستوى العالم، وهومن أكثر الأمراض غير المعدية انتشارًا. تشمل عوامل الخطر الشائعة لتسوس الأسنان العادات الغذائية (مثل الوجبات الخفيفة السكرية)، وسوء نظافة الفم، والعوامل الميكروبيولوجية، والوضع الاجتماعي والاقتصادي المتدني. مشاهدة التلفزيون أثناء تناول الطعام لهتأثير سلبي على جودة النظام الغذائي للأطفال، إذ يرتبط بزيادة استهلاك الأطعمة فائقة المعالجة. وقد وُجد أن تشغيل التلفزيون أثناء الوجبات يُقلل من جودة النظام الغذائي، مع زيادة تناول الأطعمة الغنية بالدهون والسكريات، وقلة تناول الفواكه والخضراوات، وزيادة استهلاك المشروبات المحلاة بالسكر. الهدف : معرفة إذا ما كان هنالك علاقة بين تسوس الأسنان و الوقت الذي يقضيه الطفل أمام الشاشة ومقدار تناول السكريات وإهمال الأسنان الطرق والمواد : تم اختيار مائتين وسبعة وتسعين مريضًا من العيادات الخارجية بقسم طب أسنان الأطفال والصحة العامة للأسنان بكلية طب الأسنان جامعة القاهرة خلال الفترة من سبتمبر إلى نوفمبر 2024، وفقًا لمعايير الإدراج والاستبعاد التالية: معايير الإدراج: 1. طفل ذو أسنان مختلطة، من عمر 6 إلى 8 سنوات. 2. قبول إيجابي للمشاركة في الدراسة. 3. إمكانية إجراء جميع أنواع الفحوصات. 4. كلا الجنسين. 5. معايير الاستبعاد: 1. طفل يعاني من حالة طوارئ أسنان. 2. طفل يعاني من مشكلة نفسية. 3. طفل يعاني من مرض مزمن الفحص السريري: 1- قبل إجراء فحص الأسنان، طُلب من كل طفل المضمضة بالماء. 2- أُجري فحص فموي للأطفال في وحدة طب الأسنان باستخدام مرآة فم للاستخدام مرة واحدة ومسبار كروي غير حاد (0.5 مم) . 3- تم قياس حالة تسوس الأسنان وفقًا لمعايير منظمة الصحة العالمية من قبل الباحث الرئيسي، وتم تسجيلها في سجل تقييم المريض. 4- أجاب أولياء الأمور على الاستبيانات. قام باحث واحد، وهو طالب ماجستير، بتقييم التسوس باستخدام DMF/def لجميع المرضى لتقليل التحيز، وتم تخزين البيانات على الكمبيوتر الشخصي للباحث، وتم تأمينها بكلمة مرور مع نسخة احتياطية للبيانات على السحابة الإلكترونية وعلى نسخة مطبوعة. أظهرت النتائج ما يلي: 1- شملت الدراسة الحالية 159 ولدًا و138 فتاة، بمتوسط عمر 6.7 سنوات. 2- بلغ معدل انتشار تسوس الأسنان 100% باستخدام مؤشرات DMFT/deft، وارتبط ارتباطًا وثيقًا إحصائيًا بالعمر، ومستوى تعليم الوالدين، وتكرار تنظيف الأسنان بالفرشاة، ونوع وتكرار تناول الوجبات الخفيفة، ومقياس إهمال الأسنان، ووقت استخدام الشاشات. 3- قضى الأطفال الذين لديهم أمهات غير عاملات وقتًا أطول على الشاشات مقارنةً بأطفال الأمهات العاملات. 4- يستخدم حوالي 80% من الأطفال الشاشات لأكثر من ساعتين يوميًا. 5- وُجدت علاقة ذات دلالة إحصائية بين وقت استخدام الشاشات، ومقياس إهمال الأسنان، والعمر. ومن نتائج هذه الدراسة تم التوصل إلى الاستنتاج التالي: 1- يرتبط ارتفاع معدل انتشار تسوس الأسنان بارتفاع استهلاك السكر، وإهمال الأسنان، وزيادة وقت الشاشة. 2- لم يظهر معدل انتشار تسوس الأسنان باستخدام DMFT\deft لدى الأطفال المصريين أي ارتباط بين الجنس، وترتيب الأطفال بين الإخوة، والمنطقة السكنية. بناءً على نتائج هذه الدراسة، نوصي بما يلي: 1- هناك حاجة إلى دراسات مستقبلية لإثبات العلاقة السببية بين تسوس الأسنان، ووقت استخدام الشاشات، وإهمال الأسنان. 2- وضع برامج واستراتيجيات وقائية من تسوس الأسنان، قائمة على التعاون بين المدارس وأولياء الأمور وأطباء الأسنان وممارسي الصحة العامة. 3- زيادة الوعي بتأثيرات نمط الحياة على صحة الأطفال، وتطبيق تدخلات للحد من وقت استخدام الشاشات لفترات طويلة واستهلاك السكر.
530 _aIssues also as CD.
546 _aText in English and abstract in Arabic & English.
650 0 _aPediatric Dentistry
650 0 _aطب أسنان الأطفال
653 1 _aPrevalence
_adental caries
_asugar consumption
_aDMFT
_ascreen time
700 0 _aSherine Badr
_ethesis advisor.
700 0 _aHanaa Abdelmoniem
_ethesis advisor.
900 _b01-01-2025
_cSherine Badr
_cHanaa Abdelmoniem
_dNevin Wali
_dMaryam Wasel
_UCairo University
_FFaculty of Dentistry
_DDepartment of Pediatric Dentistry and Dental Public Health
905 _aShimaa
942 _2ddc
_cTH
_e21
_n0
999 _c179774